[Event "4NCL Online Division 2"]
[Site "online"]
[Date "2020.11.03"]
[Round "6.122"]
[White "Roberts, Mike"]
[Black "Garnett, John S"]
[Result "1-0"]
[WhiteElo "2042"]
[BlackElo "1960"]
[PlyCount "29"]
[EventDate "2020.11.03"]
[WhiteTeam "Catford Cosmonauts 1"]
[BlackTeam "Ashfield Anonymous A"]

1. e4 d5 2. exd5 Nf6 3. Nf3 Bg4 4. Bb5+ Nbd7 5. h3 Bxf3 6. Qxf3 a6 7. Ba4 b5 8.
Bb3 Nb6 9. Nc3 b4 10. Ne4 Nbxd5 11. Nxf6+ Nxf6 12. Ba4+ Nd7 13. Bxd7+ Kxd7 14.
Qd5+ Ke8 15. Qc6+ 1-0

[Event "4NCL Online Division 2"]
[Site "online"]
[Date "2020.11.03"]
[Round "6.123"]
[White "Truman, Richard G"]
[Black "Robertson, Mark M"]
[Result "1/2-1/2"]
[WhiteElo "2035"]
[BlackElo "2087"]
[PlyCount "103"]
[EventDate "2020.11.03"]
[WhiteTeam "Ashfield Anonymous A"]
[BlackTeam "Catford Cosmonauts 1"]

1. d4 Nf6 2. c4 g6 3. Nc3 Bg7 4. Bg5 d6 5. e3 b6 6. Nf3 Bb7 7. Be2 h6 8. Bh4 e6
9. O-O g5 10. Bg3 Nh5 11. Nd2 Nxg3 12. hxg3 c5 13. Bf3 Qe7 14. Nde4 d5 15. cxd5
exd5 16. Nd2 O-O 17. Nxd5 Qd7 18. e4 cxd4 19. Rc1 Nc6 20. Bg4 f5 21. Qb3 Kh8
22. Bxf5 Rxf5 23. exf5 Na5 24. Nxb6 Nxb3 25. Nxd7 Nxc1 26. Rxc1 Rc8 27. Rxc8+
Bxc8 28. f6 Bxd7 29. fxg7+ Kxg7 30. f4 Kf6 31. Kf2 Kf5 32. fxg5 hxg5 33. b3 a5
34. Ke2 a4 35. Kd3 axb3 36. Nxb3 Kg4 37. Nxd4 Kxg3 38. Ke4 Kxg2 39. a4 Kf2 40.
a5 g4 41. a6 Bc8 42. Nf5 Bxa6 43. Kf4 Be2 44. Ng3 Bf3 45. Nf5 Kg2 46. Ng3 Kh3
47. Nf5 Bd1 48. Ng3 Bc2 49. Ne2 Bd3 50. Ng3 Bc4 51. Ne4 Bd5 52. Nf2+ 1/2-1/2

[Event "4NCL Online Division 2"]
[Site "online"]
[Date "2020.11.03"]
[Round "6.124"]
[White "Gruau, Martin G"]
[Black "Flynn, David"]
[Result "1-0"]
[WhiteElo "2035"]
[BlackElo "1862"]
[PlyCount "45"]
[EventDate "2020.11.03"]
[WhiteTeam "Catford Cosmonauts 1"]
[BlackTeam "Ashfield Anonymous A"]

1. e4 e6 2. d3 d5 3. Nd2 Nf6 4. Ngf3 dxe4 5. dxe4 Nc6 6. Bc4 Bc5 7. O-O O-O 8.
e5 Nd7 9. Re1 b6 10. c3 a5 11. Qa4 Bb7 12. Bb5 Ndb8 13. Qg4 Re8 14. Ne4 Be7 15.
Bh6 g6 16. Rad1 Nd7 17. Nf6+ Bxf6 18. exf6 Qc8 19. Bg7 Rd8 20. Qh4 Nce5 21. Ng5
h5 22. Qf4 Nc6 23. Ne4 1-0

[Event "4NCL Online Division 2"]
[Site "online"]
[Date "2020.11.03"]
[Round "6.131"]
[White "Watson, Mikey J"]
[Black "Fletcher, John"]
[Result "0-1"]
[WhiteElo "2155"]
[BlackElo "1994"]
[PlyCount "92"]
[EventDate "2020.11.03"]
[WhiteTeam "Kent KJCA Kestrels B"]
[BlackTeam "The Full Ponty"]

1. Nf3 d5 2. d4 Nf6 3. g3 Bf5 4. Bg2 Nc6 5. O-O e6 6. c4 Be7 7. b3 O-O 8. Bb2
a5 9. Nbd2 Ne4 10. Rc1 Bf6 11. Ne5 Nxe5 12. dxe5 Bg5 13. f4 Be7 14. Nxe4 dxe4
15. e3 Qd3 16. Qxd3 exd3 17. Bxb7 d2 18. Rcd1 Rad8 19. Bc3 Bc5 20. Bxd2 Bc2 21.
Kf2 Bxd1 22. Rxd1 Bb4 23. Ke2 Rxd2+ 24. Rxd2 Bxd2 25. Kxd2 c5 26. Kc2 Rd8 27.
e4 Rd4 28. f5 h5 29. Bc6 Kf8 30. h3 Ke7 31. g4 exf5 32. gxf5 g5 33. fxg6 fxg6
34. h4 Rd8 35. Bd5 Rf8 36. e6 Rf4 37. e5 Rxh4 38. a3 Rh2+ 39. Kc3 Ra2 40. Be4
g5 41. Bb1 Re2 42. Bg6 h4 43. b4 cxb4+ 44. axb4 axb4+ 45. Kxb4 Rxe5 46. Bf7 h3
0-1

[Event "4NCL Online Division 2"]
[Site "online"]
[Date "2020.11.03"]
[Round "6.132"]
[White "Gilbert, Jonathan A"]
[Black "Jugand, Jean-Baptiste"]
[Result "1/2-1/2"]
[WhiteElo "1978"]
[BlackElo "2057"]
[PlyCount "73"]
[EventDate "2020.11.03"]
[WhiteTeam "The Full Ponty"]
[BlackTeam "Kent KJCA Kestrels B"]

1. d4 b6 2. c4 Bb7 3. Nc3 Nf6 4. Nf3 e6 5. g3 Be7 6. Bg2 a6 7. O-O d5 8. cxd5
Nxd5 9. Nxd5 Bxd5 10. Bf4 O-O 11. Ne5 Bxg2 12. Kxg2 f6 13. Nf3 Bd6 14. Bxd6
Qxd6 15. Qc2 Nd7 16. Rfd1 Rac8 17. Rac1 Qe7 18. Qb3 Rfe8 19. Qc4 Nb8 20. a4 a5
21. e3 Kf8 22. d5 e5 23. d6 cxd6 24. Qxc8 Rxc8 25. Rxc8+ Kf7 26. Rxb8 Qc7 27.
Rh8 Ke6 28. e4 Qc2 29. Rd2 Qxe4 30. Rd8 d5 31. R2xd5 g5 32. R5d6+ Kf7 33. h3 h5
34. Rxb6 g4 35. hxg4 hxg4 36. Rdd6 gxf3+ 37. Kh2 1/2-1/2

[Event "4NCL Online Division 2"]
[Site "online"]
[Date "2020.11.03"]
[Round "6.133"]
[White "Watson, Jacob"]
[Black "Adams, Mark"]
[Result "1/2-1/2"]
[WhiteElo "2050"]
[BlackElo "1944"]
[PlyCount "72"]
[EventDate "2020.11.03"]
[WhiteTeam "Kent KJCA Kestrels B"]
[BlackTeam "The Full Ponty"]

1. e4 c5 2. Nf3 d6 3. d4 cxd4 4. Nxd4 Nf6 5. Nc3 a6 6. g3 e5 7. Nde2 b5 8. Bg2
Bb7 9. O-O Be7 10. Nd5 Nxd5 11. exd5 O-O 12. Be3 Nd7 13. f4 Bf6 14. Nc3 exf4
15. Bxf4 Bxc3 16. bxc3 Nc5 17. Qg4 Qc7 18. Be3 Nd7 19. Bd4 Ne5 20. Qh5 f6 21.
a4 bxa4 22. Rxa4 Rae8 23. Rb4 Bc8 24. Bb6 Qf7 25. Qxf7+ Rxf7 26. c4 Rfe7 27. c5
dxc5 28. Bxc5 Rc7 29. Bb6 Rxc2 30. d6 Bd7 31. Be4 Rd2 32. Bc5 Nf7 33. Rf2 Rd1+
34. Rf1 Rd2 35. Rf2 Rd1+ 36. Rf1 Rd2 1/2-1/2

[Event "4NCL Online Division 2"]
[Site "online"]
[Date "2020.11.03"]
[Round "6.134"]
[White "Goldrick, Thomas G"]
[Black "Keenan, Brendan"]
[Result "0-1"]
[WhiteElo "1879"]
[BlackElo "1952"]
[PlyCount "116"]
[EventDate "2020.11.03"]
[WhiteTeam "The Full Ponty"]
[BlackTeam "Kent KJCA Kestrels B"]

1. d4 c6 2. Bf4 d5 3. e3 Bf5 4. Nf3 e6 5. Nbd2 Bd6 6. Bg3 Nf6 7. Ne5 O-O 8. f4
Ne4 9. Nxe4 Bxe4 10. Bd3 f5 11. O-O Nd7 12. Bxe4 dxe4 13. c3 Bxe5 14. fxe5 Qe7
15. Qh5 Qf7 16. Qxf7+ Rxf7 17. Bf4 h6 18. h4 Nb6 19. Kf2 Rc8 20. b3 c5 21. c4
Rd7 22. dxc5 Rxc5 23. Rfd1 Rcc7 24. Rd4 Kf7 25. Rad1 a6 26. h5 Rxd4 27. exd4 g5
28. hxg6+ Kxg6 29. Rh1 Rh7 30. Ke3 h5 31. g3 Rd7 32. Rd1 Nc8 33. Ke2 Ne7 34.
Bc1 Nc6 35. Bb2 Nb4 36. a3 Nd3 37. Bc3 Kg5 38. Rh1 Rd8 39. Ke3 Rd7 40. d5 exd5
41. e6 d4+ 42. Bxd4 Re7 43. Ba7 Rxe6 44. Bb8 Re8 45. Bf4+ Nxf4 46. gxf4+ Kh6
47. Rd1 h4 48. Rd6+ Kh5 49. Rd7 h3 50. Rh7+ Kg4 51. Rg7+ Kh4 52. Rh7+ Kg3 53.
Rg7+ Kh2 54. Rg5 Rh8 55. Kf2 Rf8 56. Rg1 Rd8 57. Re1 Rd2+ 58. Kf1 Kg3 0-1

[Event "4NCL Online Division 2"]
[Site "online"]
[Date "2020.11.03"]
[Round "6.141"]
[White "Walkusz, Miroslaw"]
[Black "Butland, Nick J"]
[Result "1-0"]
[WhiteElo "1939"]
[BlackElo "1952"]
[PlyCount "53"]
[EventDate "2020.11.03"]
[WhiteTeam "Harrow 2"]
[BlackTeam "Plymouth 1"]

1. d4 Nf6 2. c4 e6 3. Nc3 Bb4 4. e3 O-O 5. Nge2 b6 6. a3 Bxc3+ 7. Nxc3 Bb7 8.
Bd3 d6 9. O-O Nbd7 10. e4 e5 11. d5 Re8 12. Rb1 a5 13. b4 axb4 14. axb4 Nf8 15.
Be3 Ng6 16. c5 bxc5 17. bxc5 Ba6 18. Bxa6 Rxa6 19. c6 Qa8 20. Rb7 Rb8 21. Qb1
Rxb7 22. cxb7 Qb8 23. Rc1 Ng4 24. Nd1 Nxe3 25. Nxe3 Ne7 26. Rxc7 Kf8 27. Nf5
1-0

[Event "4NCL Online Division 2"]
[Site "online"]
[Date "2020.11.03"]
[Round "6.142"]
[White "Pollock, Richard M"]
[Black "Dhemrait, Jagdeep"]
[Result "0-1"]
[WhiteElo "1870"]
[BlackElo "1810"]
[PlyCount "104"]
[EventDate "2020.11.03"]
[WhiteTeam "Plymouth 1"]
[BlackTeam "Harrow 2"]

1. e4 c5 2. Nf3 Nc6 3. Nc3 g6 4. d4 cxd4 5. Nxd4 Bg7 6. Nb3 d6 7. Be2 Nf6 8.
O-O O-O 9. Bg5 b6 10. f4 Bb7 11. Bf3 Qd7 12. Qe2 Rad8 13. Rad1 Qc8 14. Rfe1
Rfe8 15. h3 h5 16. Bh4 Rd7 17. e5 dxe5 18. fxe5 Rxd1 19. Rxd1 Nh7 20. e6 fxe6
21. Be4 Nf8 22. g4 hxg4 23. Qxg4 Ne5 24. Qg2 Bxe4 25. Nxe4 Nf7 26. c3 Qa6 27.
Rf1 Qxa2 28. Nd4 Qd5 29. Bf2 Nd6 30. Re1 Nf5 31. c4 Qxc4 32. Nxf5 gxf5 33. Ng5
Qd5 34. Qg3 e5 35. Qh4 e6 36. Qh5 Re7 37. Rd1 Qa8 38. Bh4 Bf6 39. Kh2 Rg7 40.
Rg1 Bxg5 41. Rxg5 Qb7 42. Qe2 Rxg5 43. Bxg5 Qg7 44. h4 Nh7 45. Bd8 Nf6 46. Qc4
Nd5 47. Bg5 Kh7 48. Qc8 Qf7 49. Qb8 e4 50. Qe5 Qc7 51. Bf4 Qxe5 52. Bxe5 Kg6
0-1

[Event "4NCL Online Division 2"]
[Site "online"]
[Date "2020.11.03"]
[Round "6.143"]
[White "Dhemrait, Surjit S"]
[Black "Brooks, Paul"]
[Result "1-0"]
[WhiteElo "1518"]
[BlackElo "1862"]
[PlyCount "24"]
[EventDate "2020.11.03"]
[WhiteTeam "Harrow 2"]
[BlackTeam "Plymouth 1"]

1. d3 Nc6 2. e4 g6 3. Nf3 Bg7 4. e5 e6 5. c3 a5 6. b4 b6 7. bxa5 Nxa5 8. Bh6
Bf8 9. c4 Ne7 10. Qb3 c5 11. Qa4 Nf5 12. g4 Qc7 1-0

[Event "4NCL Online Division 2"]
[Site "online"]
[Date "2020.11.03"]
[Round "6.151"]
[White "Samarasinghe Jude, Ranga"]
[Black "Higgie, Charles L"]
[Result "0-1"]
[WhiteElo "1924"]
[BlackElo "1922"]
[PlyCount "94"]
[EventDate "2020.11.03"]
[WhiteTeam "CSC 3"]
[BlackTeam "Malpas & Oswestry"]

1. e4 c5 2. Nf3 d6 3. Bb5+ Nd7 4. d4 Ngf6 5. e5 Qa5+ 6. Nc3 Ne4 7. e6 fxe6 8.
O-O Nxc3 9. Bxd7+ Bxd7 10. bxc3 Qxc3 11. Bd2 Qc4 12. dxc5 Qxc5 13. Be3 Qh5 14.
Qd4 Bc6 15. Nd2 e5 16. Qb4 g6 17. Ne4 Bh6 18. Ng3 a5 19. Qc4 d5 20. Qc5 Bxe3
21. Qxe3 d4 22. Qd2 Qg4 23. Rfe1 Qf4 24. Qe2 O-O 25. f3 Rac8 26. Rad1 Ba4 27.
Qxe5 Qxe5 28. Rxe5 Rxc2 29. Rxd4 Rxa2 30. Rxa5 b5 31. Ne4 Rc8 32. Rd2 Rxd2 33.
Nxd2 Rc2 34. Ne4 h6 35. h4 Kf7 36. Ra6 Bb3 37. h5 gxh5 38. Rxh6 Bc4 39. Rb6 h4
40. Kh2 Bf1 41. Kh3 Rxg2 42. Kxh4 Bc4 43. Ng5+ Kg7 44. Rb7 Kf6 45. Ne4+ Ke5 46.
Rxe7+ Kf4 47. Ng5 Rxg5 0-1

[Event "4NCL Online Division 2"]
[Site "online"]
[Date "2020.11.03"]
[Round "6.152"]
[White "Hughes, Richard"]
[Black "Kumar, Soham"]
[Result "1-0"]
[WhiteElo "1900"]
[BlackElo "1862"]
[PlyCount "93"]
[EventDate "2020.11.03"]
[WhiteTeam "Malpas & Oswestry"]
[BlackTeam "CSC 3"]

1. d4 Nf6 2. c4 c5 3. d5 b5 4. Qc2 b4 5. e4 d6 6. Nf3 g6 7. Be2 Bg7 8. h3 O-O
9. O-O Nbd7 10. Be3 Nb6 11. Nbd2 Qc7 12. Rad1 a5 13. Nh2 a4 14. f4 Bd7 15. Bf3
Rfb8 16. g4 b3 17. axb3 axb3 18. Qb1 Na4 19. e5 Ne8 20. e6 fxe6 21. dxe6 Bc6
22. f5 Nxb2 23. Bxc6 Qxc6 24. f6 Nxf6 25. Qxb2 Nxg4 26. Qxg7+ Kxg7 27. Rf7+ Kg8
28. Nxg4 Rf8 29. Rdf1 Rfb8 30. Nh6+ Kh8 31. Rxe7 Rf8 32. Nf7+ Kg8 33. Bh6 Rfe8
34. Bg5 Rxe7 35. Bxe7 b2 36. Bf6 h5 37. Bxb2 d5 38. Ng5 d4 39. Nde4 Rb8 40. Rf7
Qxe4 41. Nxe4 Rxb2 42. Nxc5 Rc2 43. Ne4 Rc1+ 44. Kf2 Rc2+ 45. Kg3 h4+ 46. Kxh4
g5+ 47. Kh5 1-0

[Event "4NCL Online Division 2"]
[Site "online"]
[Date "2020.11.03"]
[Round "6.153"]
[White "Lees, Fraser A"]
[Black "Lovatt, Peter G"]
[Result "1-0"]
[WhiteElo "1876"]
[BlackElo "1877"]
[PlyCount "146"]
[EventDate "2020.11.03"]
[WhiteTeam "CSC 3"]
[BlackTeam "Malpas & Oswestry"]

1. d4 Nf6 2. Nf3 e6 3. c4 d5 4. Nc3 c6 5. Bg5 Nbd7 6. e3 Qa5 7. Bd3 Ne4 8. Bxe4
dxe4 9. Ne5 Bb4 10. O-O Bxc3 11. bxc3 O-O 12. Nxd7 Bxd7 13. Be7 Rfe8 14. Bb4
Qg5 15. f4 Qg6 16. Rb1 Rad8 17. Qe2 Bc8 18. Kh1 b6 19. Rg1 f6 20. g4 e5 21. f5
Qg5 22. Qf2 exd4 23. cxd4 h5 24. h4 Qh6 25. g5 Qh7 26. gxf6 Qxf5 27. Rxg7+ Kh8
28. Qxf5 Bxf5 29. Rf1 Bg4 30. Rxa7 Bf3+ 31. Kh2 c5 32. Bc3 cxd4 33. Bxd4 Rxd4
34. exd4 Rf8 35. f7 Kg7 36. Rxf3 exf3 37. Kg3 Rc8 38. Kxf3 Rxc4 39. f8=Q+ Kxf8
40. Ke4 b5 41. Rb7 b4 42. Ke5 Rc2 43. Rxb4 Rxa2 44. d5 Re2+ 45. Kf6 Rf2+ 46.
Kg5 Kg7 47. Rb7+ Kf8 48. Kxh5 Rf5+ 49. Kg6 Rxd5 50. Rb8+ Ke7 51. h5 Rd1 52. Rb5
Rg1+ 53. Kh6 Kf6 54. Kh7 Rg7+ 55. Kh6 Rg2 56. Rb6+ Kf7 57. Rg6 Rh2 58. Rb6 Rg2
59. Rb7+ Kf6 60. Kh7 Rh2 61. Rb6+ Kf7 62. h6 Rg2 63. Rb7+ Kf8 64. Rg7 Rh2 65.
Rg5 Kf7 66. Rf5+ Ke8 67. Rf6 Ke7 68. Kg7 Rh3 69. Rg6 Rf3 70. h7 Rf7+ 71. Kh6
Rf8 72. Rg7+ Kf6 73. Rg8 Kf5 1-0

[Event "4NCL Online Division 2"]
[Site "online"]
[Date "2020.11.03"]
[Round "6.154"]
[White "Bailey, Adrian"]
[Black "Towers, Nigel S"]
[Result "1-0"]
[WhiteElo "1787"]
[BlackElo "1858"]
[PlyCount "79"]
[EventDate "2020.11.03"]
[WhiteTeam "Malpas & Oswestry"]
[BlackTeam "CSC 3"]

1. Nf3 Nf6 2. d4 e6 3. c4 Bb4+ 4. Bd2 Qe7 5. Qc2 Nc6 6. a3 Bxd2+ 7. Nbxd2 d6 8.
e4 e5 9. d5 Nb8 10. Be2 O-O 11. b4 a5 12. O-O Nh5 13. Rfc1 Nf4 14. Bf1 axb4 15.
axb4 Rxa1 16. Rxa1 Na6 17. Rb1 f5 18. g3 Nh5 19. exf5 Bxf5 20. Bd3 Bxd3 21.
Qxd3 Qf6 22. Rb3 g6 23. Ne4 Qf5 24. Nfg5 Nf6 25. Nxf6+ Qxf6 26. Qe3 Qf5 27. Ne6
Ra8 28. Qh6 Qf7 29. Rf3 Qe7 30. h4 Nxb4 31. h5 gxh5 32. Rf5 Kh8 33. Rxh5 Rg8
34. Rf5 Nd3 35. Ng5 Rg7 36. Nxh7 Rf7 37. Ng5+ Kg8 38. Rxf7 Qxf7 39. Nxf7 Kxf7
40. Qh7+ 1-0

[Event "4NCL Online Division 2"]
[Site "online"]
[Date "2020.11.03"]
[Round "6.161"]
[White "Handley, Michael R"]
[Black "Veisseire, Arthur"]
[Result "1-0"]
[WhiteElo "2080"]
[BlackElo "1907"]
[PlyCount "119"]
[EventDate "2020.11.03"]
[WhiteTeam "Schach Attack"]
[BlackTeam "Gonzaga Cing is Believing"]

1. d4 d5 2. c4 e6 3. Nf3 Nf6 4. g3 b6 5. Bg2 Bb7 6. O-O Nbd7 7. cxd5 exd5 8.
Nc3 Bb4 9. Qb3 Bxc3 10. bxc3 O-O 11. c4 Re8 12. Re1 c5 13. Bb2 Rc8 14. Rac1
cxd4 15. Bxd4 Nc5 16. Qb2 Nce4 17. cxd5 Bxd5 18. Rcd1 Qc7 19. Nh4 Rcd8 20. f3
Nd6 21. Bxf6 gxf6 22. Rxd5 Nc4 23. Rxd8 Qxd8 24. Qc3 b5 25. e4 Qb6+ 26. Kh1 Rd8
27. Bf1 Rd2 28. Re2 Rd1 29. Kg2 a6 30. Nf5 Qd8 31. Rf2 Nd2 32. Qc2 Nxf1 33.
Rxf1 Rd2+ 34. Rf2 Rxc2 35. Rxc2 h5 36. Rc8 Qxc8 37. Ne7+ Kf8 38. Nxc8 Ke8 39.
Nb6 Ke7 40. Kf2 Kd6 41. Ke3 Kc5 42. Nd5 f5 43. Kd3 a5 44. Ne3 Kb4 45. Nc2+ Kc5
46. exf5 b4 47. h4 a4 48. Nd4 a3 49. g4 hxg4 50. fxg4 Kd5 51. Nb3 Ke5 52. Ke3
Kf6 53. Kf4 Kg7 54. Ke5 Kf8 55. Kf6 Kg8 56. g5 Kf8 57. g6 fxg6 58. fxg6 Kg8 59.
g7 Kh7 60. Kf7 1-0

[Event "4NCL Online Division 2"]
[Site "online"]
[Date "2020.11.03"]
[Round "6.162"]
[White "O'neill, Sam"]
[Black "Alizada, Eldar"]
[Result "1/2-1/2"]
[WhiteElo "1889"]
[BlackElo "2027"]
[PlyCount "102"]
[EventDate "2020.11.03"]
[WhiteTeam "Gonzaga Cing is Believing"]
[BlackTeam "Schach Attack"]

1. e4 e6 2. Nc3 d5 3. Nf3 dxe4 4. Nxe4 Nd7 5. d4 Ngf6 6. Nxf6+ Nxf6 7. Bd3 Be7
8. O-O O-O 9. Re1 b6 10. c3 Bb7 11. Bg5 c5 12. dxc5 Bxc5 13. Qe2 Qc7 14. Bxf6
gxf6 15. Be4 Rfd8 16. Rad1 Rxd1 17. Rxd1 Bxe4 18. Qxe4 Rd8 19. Qe2 Rxd1+ 20.
Qxd1 Qd6 21. Qxd6 Bxd6 22. c4 Kg7 23. Kf1 f5 24. Ke2 Kf6 25. h3 e5 26. Nd2 e4
27. f3 Ke5 28. Nb3 Kf4 29. Nd4 Bc5 30. Nc6 a5 31. fxe4 fxe4 32. Nd8 Kg3 33.
Nxf7 Kxg2 34. h4 Kg3 35. Ng5 Kxh4 36. Nxe4 Be7 37. Kf3 Kh5 38. Kf4 Kg6 39. Kg4
h5+ 40. Kf4 h4 41. Kg4 Kf7 42. Nc3 Ke6 43. Nd5 Bd8 44. b4 Kd6 45. a3 Ke5 46.
Nxb6 Bxb6 47. bxa5 Bxa5 48. Kxh4 Kd4 49. Kg4 Kxc4 50. a4 Kb4 51. Kf4 Kxa4
1/2-1/2

[Event "4NCL Online Division 2"]
[Site "online"]
[Date "2020.11.03"]
[Round "6.163"]
[White "Moyse, Nigel John"]
[Black "Cullen, Ben"]
[Result "0-1"]
[WhiteElo "2036"]
[BlackElo "1888"]
[PlyCount "120"]
[EventDate "2020.11.03"]
[WhiteTeam "Schach Attack"]
[BlackTeam "Gonzaga Cing is Believing"]

1. Nf3 Nf6 2. c4 g6 3. Nc3 d5 4. cxd5 Nxd5 5. e4 Nxc3 6. dxc3 Qxd1+ 7. Kxd1 Bg4
8. Bf4 c6 9. Kc2 Nd7 10. Bc4 Bxf3 11. gxf3 e5 12. Bg5 f6 13. Be3 Bd6 14. Rhd1
Ke7 15. Rd2 Rhd8 16. Rad1 Bc7 17. Bg8 h5 18. Bf7 Nf8 19. Bb3 Ne6 20. Rxd8 Rxd8
21. Rg1 g5 22. Rd1 Rxd1 23. Kxd1 b6 24. Bxe6 Kxe6 25. Ke2 Bd8 26. a4 f5 27. a5
f4 28. Bxb6 Bxb6 29. axb6 axb6 30. Kd3 g4 31. fxg4 hxg4 32. Ke2 Kf6 33. f3 Kg5
34. Kf2 gxf3 35. Kxf3 Kh4 36. Kg2 b5 37. Kf2 Kh3 38. Kg1 c5 39. b3 f3 40. c4 b4
41. Kh1 Kg4 42. Kg1 Kf4 43. Kf2 Kxe4 44. h4 Kf4 45. h5 e4 46. h6 e3+ 47. Ke1
f2+ 48. Ke2 Kg3 49. h7 Kg2 50. h8=Q f1=Q+ 51. Kxe3 Qe1+ 52. Kf4 Qg3+ 53. Kf5
Qxb3 54. Qg8+ Qg3 55. Qd8 Qe3 56. Qb6 Qd3+ 57. Kf4 Qd4+ 58. Kf5 Qxc4 59. Qg6+
Kf2 60. Qh5 Qd5+ 0-1

[Event "4NCL Online Division 2"]
[Site "online"]
[Date "2020.11.03"]
[Round "6.164"]
[White "Moran, Darragh"]
[Black "MacQueen, Stuart"]
[Result "1-0"]
[WhiteElo "1873"]
[BlackElo "2095"]
[PlyCount "61"]
[EventDate "2020.11.03"]
[WhiteTeam "Gonzaga Cing is Believing"]
[BlackTeam "Schach Attack"]

1. e4 e6 2. d4 d5 3. exd5 exd5 4. Nf3 Bd6 5. Bd3 Nf6 6. Qe2+ Be6 7. Ng5 Qe7 8.
O-O O-O 9. Re1 Re8 10. Nxe6 fxe6 11. c4 c6 12. Nc3 Nbd7 13. Bg5 Qf7 14. Rac1
Re7 15. Bh4 e5 16. dxe5 Nxe5 17. Qf1 Nxd3 18. Qxd3 Ng4 19. Bg3 Ne5 20. Bxe5
Rxe5 21. Rxe5 Bxe5 22. cxd5 Qf4 23. Qe3 Qxh2+ 24. Kf1 Rf8 25. f3 Kh8 26. dxc6
bxc6 27. Qxa7 Rd8 28. Rd1 Re8 29. Qb6 Rb8 30. Rd8+ Rxd8 31. Qxd8# 1-0

[Event "4NCL Online Division 2"]
[Site "online"]
[Date "2020.11.17"]
[Round "7.11"]
[White "Whyte, Brian G"]
[Black "Friedgood, David"]
[Result "1/2-1/2"]
[WhiteElo "2048"]
[BlackElo "2188"]
[PlyCount "74"]
[EventDate "2020.11.17"]
[WhiteTeam "Malpas & Oswestry Friends"]
[BlackTeam "MK Phoenix 1"]

1. d4 Nf6 2. Nf3 g6 3. Bg5 Bg7 4. Nbd2 d5 5. e3 b6 6. c3 Bb7 7. Ne5 O-O 8. Be2
c5 9. f3 Nbd7 10. O-O Nxe5 11. dxe5 Nd7 12. f4 f6 13. exf6 exf6 14. Bh4 Qe8 15.
Bf2 f5 16. Bf3 Nf6 17. Qb3 Kh8 18. Rfd1 Qe7 19. c4 Rfd8 20. cxd5 Bxd5 21. Bxd5
Rxd5 22. Nf3 Rad8 23. Ne5 Rxd1+ 24. Rxd1 Rxd1+ 25. Qxd1 Ne4 26. Qd5 Bxe5 27.
fxe5 Kg7 28. Be1 Qf7 29. e6 Qe7 30. Qe5+ Kg8 31. Bc3 Nxc3 32. bxc3 Qh4 33. Qb8+
Kg7 34. Qc7+ Kh6 35. g3 Qe4 36. e7 Qxe3+ 37. Kg2 Qe2+ 1/2-1/2

[Event "4NCL Online Division 2"]
[Site "online"]
[Date "2020.11.17"]
[Round "7.12"]
[White "Tippleston, Charles E"]
[Black "Altinsoy, Mehmet Nuri"]
[Result "1-0"]
[WhiteElo "2077"]
[BlackElo "2018"]
[PlyCount "93"]
[EventDate "2020.11.17"]
[WhiteTeam "MK Phoenix 1"]
[BlackTeam "Malpas & Oswestry Friends"]

1. e4 e6 2. d4 d5 3. Nc3 Nf6 4. Bg5 Bb4 5. e5 h6 6. Bd2 Bxc3 7. bxc3 Ne4 8. Qg4
g6 9. Bd3 Nxd2 10. Kxd2 c5 11. Nf3 Qc7 12. dxc5 Nd7 13. Rhe1 Nxc5 14. Nd4 a6
15. a4 Qe7 16. Nf3 Bd7 17. Ke2 Rc8 18. Qd4 Bc6 19. Kf1 O-O 20. a5 Rfd8 21. Kg1
Ne4 22. Qe3 Kg7 23. Nd4 Be8 24. Bxe4 dxe4 25. Rab1 Rd5 26. Qxe4 Rxc3 27. h4 Bc6
28. h5 Rc4 29. Nf5+ gxf5 30. Qxc4 Rxa5 31. Rb3 Ra4 32. Rg3+ Kh7 33. Qd3 Qh4 34.
Rh3 Qg5 35. Rg3 Qxh5 36. Qd8 Rg4 37. Ree3 Qg5 38. Qf8 Qg7 39. Qxg7+ Kxg7 40. f4
h5 41. Kf2 h4 42. Rxg4+ fxg4 43. Rd3 Kg6 44. Rd8 Kf5 45. Rh8 h3 46. gxh3 gxh3
47. Kg3 1-0

[Event "4NCL Online Division 2"]
[Site "online"]
[Date "2020.11.17"]
[Round "7.13"]
[White "McMahon, Timothy P"]
[Black "Hunt, Peter"]
[Result "1/2-1/2"]
[WhiteElo "1997"]
[BlackElo "2065"]
[PlyCount "58"]
[EventDate "2020.11.17"]
[WhiteTeam "Malpas & Oswestry Friends"]
[BlackTeam "MK Phoenix 1"]

1. d4 d5 2. c4 c5 3. cxd5 Nf6 4. dxc5 Qxd5 5. Qxd5 Nxd5 6. a3 a5 7. e4 Nf6 8.
Nc3 e5 9. Nb5 Na6 10. b4 Nxe4 11. Bd3 Bf5 12. Bxe4 Bxe4 13. f3 Bc6 14. Nc3 b5
15. Rb1 axb4 16. axb4 Nc7 17. Nge2 Nd5 18. O-O Nxb4 19. Be3 Nc2 20. Bf2 Rb8 21.
Rfc1 Na3 22. Rb3 Nc4 23. Na2 Rb7 24. Nb4 Kd7 25. Rd1+ Kc7 26. Na6+ Kc8 27. Nb4
Kc7 28. Na6+ Kc8 29. Nb4 Kc7 1/2-1/2

[Event "4NCL Online Division 2"]
[Site "online"]
[Date "2020.11.17"]
[Round "7.14"]
[White "Brown, Alan M"]
[Black "Taylor, Robert K"]
[Result "1/2-1/2"]
[WhiteElo "2008"]
[BlackElo "1960"]
[PlyCount "116"]
[EventDate "2020.11.17"]
[WhiteTeam "MK Phoenix 1"]
[BlackTeam "Malpas & Oswestry Friends"]

1. d4 d5 2. c4 dxc4 3. e3 g6 4. Bxc4 Bg7 5. Nf3 Nf6 6. Nc3 O-O 7. O-O c6 8. a4
Bg4 9. h3 Bxf3 10. Qxf3 e6 11. Rd1 Nbd7 12. e4 Nb6 13. Be2 h6 14. Bf4 Qe7 15.
a5 Nbd7 16. Qg3 Ne8 17. Qf3 e5 18. dxe5 Nxe5 19. Qg3 Rc8 20. Rd2 Qe6 21. Rad1
g5 22. Bxe5 Bxe5 23. Qe3 Bf4 24. Qxa7 Bxd2 25. Bg4 f5 26. exf5 Qe5 27. Qxb7 Nf6
28. a6 Bxc3 29. bxc3 Qc7 30. Qb3+ Qf7 31. Qa4 Nxg4 32. hxg4 Rfe8 33. a7 Ra8 34.
Ra1 Qd5 35. Qb4 Qe5 36. Qc4+ Kh8 37. Qxc6 Qe4 38. Qxh6+ Kg8 39. Qxg5+ Kf8 40.
Qf6+ Kg8 41. Qg6+ Kf8 42. Ra6 Qe1+ 43. Kh2 Qe5+ 44. g3 Qg7 45. Qd6+ Kg8 46.
Qd5+ Kh8 47. Qd2 Rxa7 48. Rh6+ Qxh6+ 49. Qxh6+ Rh7 50. Qxh7+ Kxh7 51. Kh3 Rc8
52. g5 Rxc3 53. Kg4 Rc2 54. f4 Rf2 55. Kh5 Rh2+ 56. Kg4 Rf2 57. Kh5 Rh2+ 58.
Kg4 Rf2 1/2-1/2

[Event "4NCL Online Division 2"]
[Site "online"]
[Date "2020.11.17"]
[Round "7.21"]
[White "Pert, Richard G"]
[Black "Chopra, Tanmay"]
[Result "1-0"]
[WhiteElo "2515"]
[BlackElo "2273"]
[PlyCount "93"]
[EventDate "2020.11.17"]
[WhiteTeam "Brentwood A"]
[BlackTeam "Harrow 1"]

1. d4 Nf6 2. Nf3 g6 3. g3 Bg7 4. Bg2 O-O 5. O-O d6 6. Nc3 Nbd7 7. a4 a5 8. Bf4
c6 9. e4 Qc7 10. Qd2 e5 11. Bh6 Re8 12. Bxg7 Kxg7 13. Rfe1 Nf8 14. h3 h6 15.
Rad1 Qb6 16. b3 g5 17. Qe3 Qc7 18. h4 g4 19. dxe5 dxe5 20. Nd2 Be6 21. Bf1 N8d7
22. Bc4 Qb6 23. Qxb6 Nxb6 24. Bxe6 fxe6 25. Ncb1 Red8 26. Na3 Rd4 27. Ndc4 Nbd7
28. Rxd4 exd4 29. e5 Nd5 30. Re4 h5 31. Rxd4 Rf8 32. Nxa5 Nxe5 33. Re4 Nf3+ 34.
Kg2 Nf6 35. Re3 Rd8 36. Nxb7 Rd1 37. Rxf3 gxf3+ 38. Kxf3 Ng4 39. Nc5 Ra1 40.
Nc4 Kf6 41. a5 Ra2 42. a6 Rxc2 43. a7 Kf5 44. Ne3+ Nxe3 45. fxe3 Ra2 46. Na4 e5
47. e4+ 1-0

[Event "4NCL Online Division 2"]
[Site "online"]
[Date "2020.11.17"]
[Round "7.22"]
[White "Nettleton, Charlie B"]
[Black "Siddharth, Jagadeesh"]
[Result "1-0"]
[WhiteElo "2008"]
[BlackElo "2447"]
[PlyCount "85"]
[EventDate "2020.11.17"]
[WhiteTeam "Harrow 1"]
[BlackTeam "Brentwood A"]

1. f4 d5 2. Nf3 g6 3. g3 Bg7 4. Bg2 Nf6 5. O-O O-O 6. d3 c6 7. Nc3 Qb6+ 8. e3
Bg4 9. h3 Bxf3 10. Qxf3 Nbd7 11. Kh2 e5 12. f5 Rad8 13. e4 dxe4 14. dxe4 Qa5
15. g4 Rfe8 16. Be3 Nb6 17. Qe2 Qb4 18. Rab1 Rd4 19. a3 Qd6 20. Kh1 Nfd7 21. g5
Nc5 22. Rbd1 a5 23. b3 Nbd7 24. Qf2 b5 25. Bxd4 exd4 26. b4 axb4 27. axb4 Na4
28. Nxa4 bxa4 29. f6 Bf8 30. Qxd4 Qxd4 31. Rxd4 Nb6 32. Rfd1 a3 33. h4 Na4 34.
e5 Rxe5 35. Rd8 Nc3 36. Ra1 a2 37. Bxc6 Re2 38. b5 Rxc2 39. b6 Rb2 40. b7 Rb1+
41. Kh2 Rxa1 42. Rxf8+ Kxf8 43. b8=Q# 1-0